| 000 | 00589nam a2200205 a 4500 | ||
|---|---|---|---|
| 005 | 20210219153407.0 | ||
| 008 | 991125n 000 0 u | ||
| 035 | _aUPN01000096588 | ||
| 100 | _aSmith, Susan Robinson | ||
| 222 |
_aREADING IMPROVEMENT : _bA JOURNAL FOR THE IMPROVEMENT OF READING |
||
| 245 | _aReducing the risks for at-risk learners | ||
| 300 | _a248-255 | ||
| 362 | _a29, No. 4, 1992 | ||
| 505 | _aMayo 1993 | ||
| 653 | 0 | _aAMBIENTE EN EL SALON DE CLASES | |
| 653 | 0 | _aESTUDIANTES DE ALTO RIESGO | |
| 653 | 0 | _aPAUTAS | |
| 904 |
_aAC _b034399 |
||
| 905 | _aArticulo | ||
| 999 |
_c75795 _d75795 |
||